Szczegóły MARC21

Tłumaczenie różnych form rzeczowników polskich na język francuski /

003 -Nazwa inst., której nr kontr. jest w polu 001 [,]
    • @
    • Nazwa instytucji, której n kontrolny jest w polu 001
    • NUKAT
005 -DATA I CZAS OSTATNIEJ MODYFIKACJI [,]
    • @
    • pole kontrolne
    • 20241231091659.0
020 -Międzynarod. znormalizowany nr książki - ISBN [ , ]
    • a
    • Numer ISBN
    • 8322807740 Find
040 -Instytucja sporządzająca opis [ , ]
    • a
    • Instytucja, która sporządziła opis (NP)
    • TOR U/AP
    • c
    • Instytucja, która sporządziła rekord (NP)
    • TOR U/AP
    • d
    • Instytucja, która zmodyfikowała rekord (P)
    • TOR U/AP
    • d
    • Instytucja, która zmodyfikowała rekord (P)
    • Ł U/JOs
041 -Język dokumentu [0, ]
    • a
    • Język tekstu (P)
    • polski
    • a
    • Język tekstu (P)
    • francuski
942 -Rodzaj dokumentu [ , ]
    • c
    • Rodzaj dokumentu
    • Książka
100 -Hasło główne - nazwa osobowa [1, ]
    • a
    • Nazwa osobowa (NP)
    • Kaczyński, Mieczysław.
    • 9
    • KHW
    • 647383
245 -Strefa tytułu i oznaczenia odpowiedzialności [1,0]
    • a
    • Tytuł
    • Tłumaczenie różnych form rzeczowników polskich na język francuski / Find
    • c
    • Pozostałe elementy strefy tytułu i oznaczenia odpowiedzialności (NP)
    • Mieczysław Kaczyński ; [Katolicki Uniwersytet Lubelski].
260 -Strefa adresu wydawniczego [ , ]
    • a
    • Miejsce wydania (P)
    • Lublin :
    • b
    • Nazwa wydawcy (P)
    • Redakcja Wydawnictw KUL,
    • c
    • Data wydania (P)
    • 2000.
300 -Strefa opisu fizycznego [ , ]
    • a
    • Określenie formy książki i/lub objętość (NP)
    • 136 s. ;
    • c
    • Format (NP)
    • 24 cm.
336 -Typ zawartości [ , ]
    • a
    • Termin opisujący typ zawartości
    • Tekst
    • b
    • Kod określający zawartość
    • txt
    • 2
    • Źródło (terminu i kodu)
    • rdacontent
337 -Typ mediów [ , ]
    • a
    • Tryb odtwarzania
    • Bez urządzenia pośredniczącego
    • b
    • Kod typu mediów
    • n
    • 2
    • Źródło (terminu i kodu)
    • rdamedia
338 -Typ/rodzaj nośnika [ , ]
    • a
    • Hasło opisujące typ nośnika
    • Wolumin
    • b
    • Kod typu nośnika
    • nc
    • 2
    • Źródło (terminu i kodu)
    • rdacarrier
080 -Uniwersalna Klasyfikacja Dziesiętna [ , ]
    • a
    • Symbol klasyfikacji
    • 808.4-22
080 -Uniwersalna Klasyfikacja Dziesiętna [ , ]
    • a
    • Symbol klasyfikacji
    • :804.0-22
080 -Uniwersalna Klasyfikacja Dziesiętna [ , ]
    • a
    • Symbol klasyfikacji
    • :801.54
650 -Hasło przedmiotowe [ ,7]
    • a
    • Hasło przedmiotowe
    • Język francuski
    • x
    • Określnik rzeczowy
    • gramatyka porównawcza
    • x
    • Określnik rzeczowy
    • język polski.
    • 2
    • Źródło terminu
    • kaba
    • 9
    • KHW
    • 376193
650 -Hasło przedmiotowe [ ,7]
    • a
    • Hasło przedmiotowe
    • Język francuski
    • x
    • Określnik rzeczowy
    • nazwy.
    • 2
    • Źródło terminu
    • kaba
    • 9
    • KHW
    • 113103
650 -Hasło przedmiotowe [ ,7]
    • a
    • Hasło przedmiotowe
    • Język francuski
    • x
    • Określnik rzeczowy
    • tłumaczenie na język polski.
    • 2
    • Źródło terminu
    • kaba
    • 9
    • KHW
    • 113135
650 -Hasło przedmiotowe [ ,7]
    • a
    • Hasło przedmiotowe
    • Język polski
    • x
    • Określnik rzeczowy
    • gramatyka porównawcza
    • x
    • Określnik rzeczowy
    • język francuski.
    • 2
    • Źródło terminu
    • kaba
    • 9
    • KHW
    • 475298
650 -Hasło przedmiotowe [ ,7]
    • a
    • Hasło przedmiotowe
    • Język polski
    • x
    • Określnik rzeczowy
    • nazwy.
    • 2
    • Źródło terminu
    • kaba
    • 9
    • KHW
    • 113370
650 -Hasło przedmiotowe [ ,7]
    • a
    • Hasło przedmiotowe
    • Język polski
    • x
    • Określnik rzeczowy
    • tłumaczenie na język francuski.
    • 2
    • Źródło terminu
    • kaba
    • 9
    • KHW
    • 410908
980 -Symbol UKD [ , ]
    • a
    • UKD
    • 808.4-22:804.0-22:801.54
710 -Hasło dodatkowe - nazwa ciała zbiorowego [2, ]
    • a
    • Nazwa ciała zbiorowego lub nazwa geograficzna jako pierwszy element (NP)
    • Katolicki Uniwersytet Lubelski.
    • b
    • Nazwa jednostki podrzędnej (P)
    • Redakcja Wydawnictw.
    • 4
    • Kod relacji
    • pbl
    • 9
    • KHW
    • 57813
920 -ISBN [ , ]
    • a
    • ISBN
    • 83-228-0774-0 Find
Data inwentaryzacji Status udost. Lokalizacja Sygnatura Numer inwentarzowy
2001-09-031BMFR. Translatoryka 08A.6214